|
|
|
|
| LEADER |
01227nam a22002777a 4500 |
| 001 |
40828 |
| 003 |
BD-DhAAL |
| 005 |
20230206103354.0 |
| 008 |
230206t2016 bg ||||| |||| 00| 0 ben d |
| 020 |
|
|
|a 98483095163
|
| 040 |
|
|
|a BD-DhAAL
|c BD-DhAAL
|
| 041 |
|
|
|a ben
|
| 082 |
|
|
|a 891.442
|2 23
|
| 100 |
|
|
|a মিত্র, দীনবন্ধু
|9 19116
|
| 245 |
|
|
|a সধবার একাদশী /
|c দীনবন্ধু মিত্র.
|
| 260 |
|
|
|a ঢাকা :
|b বিশ্বসাহিত্য ভবন,
|c ২০১৬.
|
| 300 |
|
|
|a ৭৮ পৃষ্ঠা ;
|c ২২ সে.মি.
|
| 526 |
|
|
|a GenEd
|
| 541 |
|
|
|a Development Book Agency
|e 40828, 40829
|
| 650 |
|
|
|a Bengali drama.
|
| 650 |
|
|
|a Bengali literature.
|
| 852 |
|
|
|a Ayesha Abed Library
|c General Stacks
|
| 942 |
|
|
|2 ddc
|c BK
|
| 999 |
|
|
|c 45387
|d 45387
|
| 952 |
|
|
|0 0
|1 0
|2 ddc
|4 0
|6 891_442000000000000_MIT
|7 0
|9 72992
|a SCL
|b SCL
|c GEN
|d 2023-01-15
|e Development Book Agency
|g 108.00
|l 1
|m 2
|o 891.442 MIT
|p 3020040828
|r 2026-02-17
|s 2025-12-10
|t 1
|v 108.00
|w 2023-01-15
|y BK
|
| 952 |
|
|
|0 0
|1 0
|2 ddc
|4 0
|6 891_442000000000000_MIT
|7 0
|9 72993
|a SCL
|b SCL
|c GEN
|d 2023-01-15
|e Development Book Agency
|g 108.00
|l 0
|o 891.442 MIT
|p 3020040829
|r 2023-01-15
|t 2
|v 108.00
|w 2023-01-15
|y BK
|